| 000 | 00597nam a2200229Ia 4500 | ||
|---|---|---|---|
| 005 | 20250425162831.0 | ||
| 008 | 250425s9999 xx 000 0 und d | ||
| 020 | _a9780813820279 | ||
| 041 | _aeng | ||
| 044 | _a-us | ||
| 100 | _aTUCKER, CRAIG S. | ||
| 245 | 0 | _aENVIRONMENTAL BEST MANAGEMENT PRACTICES FOR AQUACULTURE | |
| 250 | _a1A. ED. | ||
| 264 |
_aEstados Unidos, IOWA CITY _bWILEY-BLACKWELL _c2008. |
||
| 300 | _a592 | ||
| 650 | _aACUICULTURA-ASPECTOS AMBIENTALES | ||
| 650 | _aGESTION | ||
| 650 | _aPESCA | ||
| 700 | _aHARGREAVES, JOHN A. | ||
| 942 | _c01 | ||
| 010 | _a110955 | ||
| 999 |
_c237365 _d237365 |
||